02231nam a22001697a 4500082000800000100002800008245013100036264003800167300002600205500157400231650003201805700004101837856005701878942001301935999001901948952009401967 a610 aFatima Tu Zahra9131228 aPhotobiomodulation for the Treatment of Cognitive symptoms and Neuropathy associated with Diabetes Mellitus /cFatima Tu Zahra aIslamabad : bSMME- NUST; c2025. a95p.bSoft Copyc30cm aDiabetes Mellitus is a complex metabolic disorder. It often leads to serious complications like cognitive impairment and peripheral neuropathy. Photobiomodulation and metformin show promise in reducing these complications through effects on mitochondria, inflammation, and nerve protection. This study looked at the combined therapeutic potential of PBM and metformin in a diabetic mouse model induced by streptozotocin (STZ). Adult Balb/c mice were divided into groups: control, diabetic, metformin-treated, PBM-treated, and combination therapy. We performed behavioral assessments, biochemical analyses, histopathology, and gene expression studies to evaluate neuropathic pain, cognitive function, tissue integrity, and the molecular markers BDNF and MPZ. The results show that both PBM and metformin improved blood sugar control, reduced signs of neuropathic pain, and boosted cognitive performance. However, their combination led to even greater improvements. Histological analyses revealed better preservation of nerve and peripheral structures, while molecular analyses indicated an increase in neurotrophic and myelination-related genes with combination therapy. These findings suggest a beneficial interaction between PBM and metformin that targets several pathways involved in diabetic complications. The combination presents a promising, non-invasive, and cost-effective way to manage diabetes-related cognitive decline and neuropathy. Further long-term and clinical studies are needed to refine protocols and confirm the potential for practical applications. aMS Biomedical Sciences (BMS aSupervisor : Dr. Aneeqa Noor9119519 uhttp://10.250.8.41:8080/xmlui/handle/123456789/55403 2ddccTHE c615206d615206 00104070aSMMEbSMMEcEBd2025-10-17l0o610pSMME-TH-1181r2025-10-17w2025-10-17yTHE